Teora̕ del Suicidio Procesal

Detalles Bibliográficos
Autor principal: Cadena, Antoni Pascual
Formato: eBook
Lenguaje:español
Publicado: Barcelona: J.M. Bosch Editor, 2020
Materias:
Acceso en línea:Acceso restringido

MARC

LEADER 00000nam a22000007a 4500
005 20200608171855.0
007 cr|||| ||||
008 200608s2020 es |||||s|||| 00||0 spa d
020 |a 978-84-121920-2-5 
035 |a 31729 
040 |a vLex 
090 |c 10570  |d 10570 
100 1 |a Cadena, Antoni Pascual 
245 1 0 |a Teora̕ del Suicidio Procesal  |h [Recurso electrn̤ico] /  |c Antoni Pascual Cadena 
256 |a Servicio en ln̕ea 
260 |a Barcelona:  |b J.M. Bosch Editor,  |c 2020 
300 |a 1 recurso electrn̤ico 
500 |a En un caso real un Fiscal propone a la defensa aceptar ser culpable, cuando el cliente no lo es, pero a cambio de ello rebaja una pena inicial de 6 aǫs de prisin̤ a una multa de 1.200 euros. ¿Aceptara̕ jugar a la “ruleta rusa“ procesal con la incerteza en el fallo o en cambio la oferta de este “suicidio procesal”?. Otro caso, una persona es solicitante de una adopcin̤ internacional que lleva aǫs tramitando para la cual un antecedente penal implica, casi con seguridad, que le denieguen la misma, por no cumplir los requisitos de idoneidad en la adopcin̤ y es acusado de un delito menor, por ejemplo alcoholemia, aceptara̕ una conformidad cuando los jueces ignoran los efectos de su sentencia penal en otros ordenes jurisdiccionales. Si llega al contencioso administrativo pasarǹ varios aǫs ms̀. Se produce un “suicidio procesal“. Los efectos que pueden tener un acto muchas veces puede tener en otros derechos como lo son en m̀bito civil, laboral, administrativo, etc… y que repercuten en la vida del afectado. Se produce cuando un investigado autoriza un acto, prueba o declaracin̤ sin estar informado de todas sus consecuencias perjudiciales. Ese daǫ, por falta de conocimiento en el mismo sujeto o defensa, supone un verdadero suicidio procesal al considerarlo vl̀ido a los efectos del proceso por el mero y simple consentimiento formal. Es un error de consentimiento. El suicidio procesal va de eso y en este libro se muestran y plantean cuestiones que van ms̀ all ̀del derecho y en todo caso en la vida real. 
506 1 |a Disponible solo en los productos indicados  |d vLex Global  |d vLex Global (Academic Edition, excluding Law Schools)  |d vLex Global (U.S. Academic Edition, Law Schools)  |d vLex Global (U.S. Academic Edition, excluding Law Schools)  |d vLex Global (Academic Edition, Law Schools) 
650 0 4 |a Derecho Procesal  |z Espaą 
650 0 4 |a Procedimiento Penal  |z Espaą 
740 0 |a vLex Libros (Servicio en ln̕ea) 
856 4 0 |u http://vlex.com/source/teoria-del-suicidio-procesal-31729  |z Acceso restringido 
942 |c BOOK 
999 0 4 |a Procedural Law 
999 0 4 |a Criminal Procedure